Catálogo

Cien años de presencia y ausencia social cristiana : (Registro nro. 45726)

Detalles MARC
000 -LEADER
fixed length control field 01030cam a2200301 i 4500
001 - CONTROL NUMBER
control field 45726
003 - CONTROL NUMBER IDENTIFIER
control field Mx-PuUPA
005 - DATE AND TIME OF LATEST TRANSACTION
control field 20230905140414.0
008 - FIXED-LENGTH DATA ELEMENTS--GENERAL INFORMATION
fixed length control field 140415s1992 mx a gr 000 0 spa d
020 ## - INTERNATIONAL STANDARD BOOK NUMBER
International Standard Book Number 9686839003
040 ## - CATALOGING SOURCE
Original cataloging agency Mx-PuUPA
Language of cataloging spa
Transcribing agency Mx-PuUPA
Modifying agency Mx-PuUPA
Description conventions rda
041 0# - LANGUAGE CODE
Language code of text/sound track or separate title spa
100 1# - MAIN ENTRY--PERSONAL NAME
Personal name Ceballos R., Manuel,
Relator term autor
245 10 - TITLE STATEMENT
Title Cien años de presencia y ausencia social cristiana :
Remainder of title 1891 - 1991 /
Statement of responsibility, etc. Manuel Ceballos R., J. Miguel Romero S.
250 ## - EDITION STATEMENT
Edition statement Primera edición
264 #1 - PRODUCTION, PUBLICATION, DISTRIBUTION, MANUFACTURE, AND COPYRIGHT NOTICE
Place of production, publication, distribution, manufacture México, D.F. :
Name of producer, publisher, distributor, manufacturer IMDOSOC,
Date of production, publication, distribution, manufacture, or copyright notice 1992
300 ## - PHYSICAL DESCRIPTION
Extent vii, 347 páginas :
Other physical details ilustraciones ;
Dimensions 28 cm
336 ## - CONTENT TYPE
Fuente rdacontent
Content type term texto
Content type code txt
336 ## - CONTENT TYPE
Fuente rdacontent
Content type term imagen fija
Content type code sti
337 ## - MEDIA TYPE
Source rdamedia
Media type term sin medio
Media type code n
338 ## - CARRIER TYPE
Source rdacarrier
Carrier type term volumen
Carrier type code nc
650 #7 - SUBJECT ADDED ENTRY--TOPICAL TERM
Topical term or geographic name entry element Religión
Source of heading or term armarc
Geographic subdivision México
700 1# - ADDED ENTRY--PERSONAL NAME
Personal name Romero S., J. Miguel,
Relator term autor
942 ## - ADDED ENTRY ELEMENTS (KOHA)
Source of classification or shelving scheme Dewey Decimal Classification
Koha item type Libro
Classification part 277.2
Item part C3874
Existencias
Withdrawn status Lost status Source of classification or shelving scheme Damaged status Not for loan Collection code Home library Current library Shelving location Date acquired Source of acquisition Total Checkouts Full call number Barcode Date last seen Price effective from Koha item type Copy number
    Dewey Decimal Classification     General Biblioteca Karol Wojtyla Biblioteca Karol Wojtyla Sala general 03/12/2013 Compra   277.2 CEB 68670 05/01/2026 03/12/2013 Libro  
    Dewey Decimal Classification   Consulta en sala Manuel Antonio Díaz Cid Biblioteca Karol Wojtyla Biblioteca Karol Wojtyla Sala "Colecciones Especiales" 05/09/2023 Donación   277.2 C3874 1992 10397 05/01/2026 05/09/2023 Libro Ej.2